DESIGN DRAWING (Record no. 44158)
[ view plain ]
| 000 -LEADER | |
|---|---|
| fixed length control field | nam a22 7a 4500 |
| 003 - CONTROL NUMBER IDENTIFIER | |
| control field | OSt |
| 005 - DATE AND TIME OF LATEST TRANSACTION | |
| control field | 20180504124718.0 |
| 008 - FIXED-LENGTH DATA ELEMENTS--GENERAL INFORMATION | |
| fixed length control field | 180504b xxu||||| |||| 00| 0 eng d |
| 040 ## - CATALOGING SOURCE | |
| Transcribing agency | IIMT UNIVERSITY, MEERUT |
| 050 ## - LIBRARY OF CONGRESS CALL NUMBER | |
| Classification number | 720.910MUR |
| Item number | 336 |
| 082 ## - DEWEY DECIMAL CLASSIFICATION NUMBER | |
| Edition number | 2ND |
| Classification number | 720.910MUR |
| Item number | 336 |
| 100 ## - MAIN ENTRY--PERSONAL NAME | |
| Personal name | CHING, F D K |
| 245 ## - TITLE STATEMENT | |
| Title | DESIGN DRAWING |
| 250 ## - EDITION STATEMENT | |
| Edition statement | 2ND ED. |
| 260 ## - PUBLICATION, DISTRIBUTION, ETC. | |
| Place of publication, distribution, etc. | DELHI |
| Name of publisher, distributor, etc. | JOHN WILEY |
| Date of publication, distribution, etc. | 1997 |
| 300 ## - PHYSICAL DESCRIPTION | |
| Other physical details | 2ND ED.346 P P. |
| 760 ## - MAIN SERIES ENTRY | |
| Edition | 2ND ED. |
| 856 ## - ELECTRONIC LOCATION AND ACCESS | |
| Materials specified | BOUND VOL. |
| 887 ## - NON-MARC INFORMATION FIELD | |
| Source of data | ACCESSION REGISTER |
| 942 ## - ADDED ENTRY ELEMENTS (KOHA) | |
| Source of classification or shelving scheme | |
| Koha item type | Text-Book- for 7 days |
| Edition | 2ND ED. |
| Call number prefix | 720.910CHI |
| Call number suffix | 720.910CHI |
| Withdrawn status | Lost status | Source of classification or shelving scheme | Materials specified (bound volume or other part) | Damaged status | Not for loan | Home library | Current library | Source of acquisition | Coded location qualifier | Cost, normal purchase price | Inventory number | Total Checkouts | Full call number | Barcode | Date last seen | Copy number | Uniform Resource Identifier | Cost, replacement price | Price effective from | Koha item type | Public note |
|---|---|---|---|---|---|---|---|---|---|---|---|---|---|---|---|---|---|---|---|---|---|
| bound VOLUME | IIMT College of Architecture | IIMT College of Architecture | BANSAL BOOKS | ARCHITECTU | 3753.00 | 6283 DATED 28/04/2018 | 720.910MUR 336 | 24-B-336 | 05/04/2018 | R | ARCHITECTURE | 3753.00 | 04/30/2018 | Text-Book- for 7 days | ARCHITECTURE |

